[Event "HUN-chT2 Szechenyi 0506"]
[Site "Hungary"]
[Date "2006.02.12"]
[Round "7"]
[White "Varga, Tibor Jr"]
[Black "Decsey, Katalin"]
[Result "1-0"]
[WhiteElo "2062"]
[BlackElo "2100"]
[PlyCount "101"]
[EventDate "2005.10.16"]
[EventType "team"]
[EventRounds "11"]
[EventCountry "HUN"]
[SourceTitle "EXT 2009"]
[Source "ChessBase"]
[SourceDate "2008.11.26"]
[SourceVersion "1"]
[SourceVersionDate "2008.11.26"]
[SourceQuality "1"]
[WhiteTeam "HVSE Infraplan II"]
[BlackTeam "Lenti"]
[WhiteTeamCountry "HUN"]
[BlackTeamCountry "HUN"]

1. e4 e6 2. d4 d5 3. e5 b6 4. Nf3 Ne7 5. c3 Qd7 6. Na3 Ba6 7. Bxa6 Nxa6 8. Qd3 Nb8 9. Be3 Nf5 10. Nc2 Be7 11. h4 c5 12. g4 Nxe3 13. Nxe3 Nc6 14. a3 h6 15. b4 c4 16. Qc2 0-0-0 17. 0-0-0 Rdf8 18. g5 h5 19. Ne1 g6 20. f4 a5 21. Qb2 axb4 22. axb4 Kb7 23. Kd2 Ra8 24. N1c2 Ra4 25. Ra1 Rha8 26. Rxa4 Rxa4 27. Ra1 Rxa1 28. Qxa1 Bd8 29. Qh1 b5 30. f5 exf5 31. Qxd5 Qxd5 32. Nxd5 Bc7 33. Ke3 Bb8 34. Ne1 Nd8 35. Nf4 Kb6 36. Nf3 Nc6 37. Nd5+ Kb7 38. Nf6 Kc8 39. Kf4 Ne7 40. Ke3 Ba7 41. Ne8 Nd5+ 42. Kd2 Bb8 43. Nf6 Nf4 44. Ke3 Ng2+ 45. Kf2 Nf4 46. Ne1 Bc7 47. Kf3 Nh3 48. Ng2 Bd8 49. Kg3 Ng1 50. Nf4 Bxf6 51. gxf6 1-0

[Event "HUN-chT2 Szechenyi 0506"]
[Site "Hungary"]
[Date "2005.12.04"]
[Round "5"]
[White "Decsey, Katalin"]
[Black "Samu, Ferenc"]
[Result "1/2-1/2"]
[WhiteElo "2100"]
[BlackElo "2058"]
[PlyCount "41"]
[EventDate "2005.10.16"]
[EventType "team"]
[EventRounds "11"]
[EventCountry "HUN"]
[SourceTitle "EXT 2009"]
[Source "ChessBase"]
[SourceDate "2008.11.26"]
[SourceVersion "1"]
[SourceVersionDate "2008.11.26"]
[SourceQuality "1"]
[WhiteTeam "Lenti"]
[BlackTeam "Tapolca Varju"]
[WhiteTeamCountry "HUN"]
[BlackTeamCountry "HUN"]

1. d4 Nf6 2. c4 c5 3. d5 d6 4. Nc3 g6 5. e4 Bg7 6. Bd3 0-0 7. Nge2 Na6 8. a3 Nc7 9. 0-0 a6 10. Qc2 Rb8 11. a4 Bd7 12. Rb1 b5 13. b3 Qe8 14. axb5 axb5 15. Bd2 bxc4 16. bxc4 h5 17. Rxb8 Qxb8 18. f4 Na6 19. Na2 Nb4 20. Qb3 Ba4 21. Qxa4 1/2-1/2

[Event "HUN-chT2 Charousek 0405"]
[Site "Hungary"]
[Date "2005.04.24"]
[Round "11"]
[White "Decsey, Katalin"]
[Black "Schmikli, Laszlo"]
[Result "0-1"]
[WhiteElo "2151"]
[BlackElo "2299"]
[PlyCount "66"]
[EventDate "2004.09.26"]
[EventType "team"]
[EventRounds "11"]
[EventCountry "HUN"]
[SourceTitle "EXT 2008"]
[Source "ChessBase"]
[SourceDate "2007.11.25"]
[SourceVersion "1"]
[SourceVersionDate "2007.11.25"]
[SourceQuality "1"]
[WhiteTeam "Lenti"]
[BlackTeam "Gyor Elektromos"]
[WhiteTeamCountry "HUN"]
[BlackTeamCountry "HUN"]

1. d4 Nf6 2. c4 c5 3. d5 b5 4. cxb5 a6 5. bxa6 Bxa6 6. Nc3 d6 7. Nf3 g6 8. e4 Bxf1 9. Kxf1 Nbd7 10. g3 Bg7 11. Kg2 Qb6 12. h3 0-0 13. Re1 Ne8 14. Qc2 Nc7 15. Be3 Rfb8 16. Rab1 Qa5 17. Bd2 Na6 18. a3 c4 19. Na2 Qb5 20. Nb4 Ndc5 21. Nc6 Nd3 22. Nxb8 Nxe1+ 23. Nxe1 Rxb8 24. Bc3 Bxc3 25. Qxc3 Nc5 26. Qd4 Qb3 27. Rc1 Qxb2 28. Rxc4 Qe2 29. Nc2 Rb3 30. Ne3 Rxe3 31. Qxe3 Qxc4 32. Kf3 Qf1 33. h4 Nd3 0-1

[Event "HUN-chT2 Charousek 0405"]
[Site "Hungary"]
[Date "2005.03.06"]
[Round "9"]
[White "Magyar, Otto"]
[Black "Decsey, Katalin"]
[Result "1/2-1/2"]
[WhiteElo "2283"]
[BlackElo "2151"]
[PlyCount "79"]
[EventDate "2004.09.26"]
[EventType "team"]
[EventRounds "11"]
[EventCountry "HUN"]
[SourceTitle "EXT 2008"]
[Source "ChessBase"]
[SourceDate "2007.11.25"]
[SourceVersion "1"]
[SourceVersionDate "2007.11.25"]
[SourceQuality "1"]
[WhiteTeam "Keszthely"]
[BlackTeam "Lenti"]
[WhiteTeamCountry "HUN"]
[BlackTeamCountry "HUN"]

1. e4 e6 2. d4 d5 3. e5 b6 4. c3 Qd7 5. Nf3 Ne7 6. Na3 Ng6 7. Nc2 Be7 8. h4 h5 9. g3 Ba6 10. Bxa6 Nxa6 11. Qe2 Nb8 12. 0-0 c5 13. b3 Nc6 14. Bb2 Rc8 15. Ne3 cxd4 16. cxd4 Qb7 17. Rfc1 Nf8 18. Ne1 Nd7 19. N1g2 g6 20. Nf4 Kf8 21. Rc2 Kg7 22. Rac1 Nb4 23. Rxc8 Rxc8 24. a3 Nc6 25. g4 Nxd4 26. Qd1 Rxc1 27. Bxc1 Nxe5 28. Bb2 Ndc6 29. Nfxd5 exd5 30. Qxd5 Qc7 31. f4 Bc5 32. Kf2 f6 33. fxe5 Nxe5 34. g5 Ng4+ 35. Kf3 Bxe3 36. gxf6+ Kf8 37. Qa8+ Kf7 38. Qd5+ Kf8 39. Qa8+ Kf7 40. Qd5+ 1/2-1/2

[Event "HUN-chT2 Charousek 0405"]
[Site "Hungary"]
[Date "2005.01.23"]
[Round "6"]
[White "Pasztor, Ferenc"]
[Black "Decsey, Katalin"]
[Result "1/2-1/2"]
[WhiteElo "2123"]
[BlackElo "2151"]
[PlyCount "64"]
[EventDate "2004.09.26"]
[EventType "team"]
[EventRounds "11"]
[EventCountry "HUN"]
[SourceTitle "EXT 2008"]
[Source "ChessBase"]
[SourceDate "2007.11.25"]
[SourceVersion "1"]
[SourceVersionDate "2007.11.25"]
[SourceQuality "1"]
[WhiteTeam "Tapolca"]
[BlackTeam "Lenti"]
[WhiteTeamCountry "HUN"]
[BlackTeamCountry "HUN"]

1. d4 Nf6 2. Nf3 g6 3. c4 Bg7 4. Nc3 0-0 5. e4 d6 6. Be2 e5 7. d5 Ne8 8. Qc2 f5 9. Bg5 Bf6 10. h4 f4 11. 0-0-0 Nd7 12. b4 a5 13. a3 axb4 14. axb4 Kg7 15. Kb2 c5 16. b5 Nb6 17. Ra1 Bg4 18. Rxa8 Nxa8 19. Bxf6+ Nxf6 20. Ng5 h6 21. Nf3 Nb6 22. Qd3 Qc7 23. Nd2 Bxe2 24. Qxe2 Ra8 25. Ra1 Rxa1 26. Kxa1 Qd8 27. Kb2 Qa8 28. f3 Na4+ 29. Nxa4 Qxa4 30. Qf1 Qb4+ 31. Kc2 Qa5 32. Qh1 Qa4+ 1/2-1/2

[Event "HUN-chT2 Szechenyi 0304"]
[Site "Hungary"]
[Date "2003.11.16"]
[Round "3"]
[White "Arany, Tamas"]
[Black "Decsey, Katalin"]
[Result "0-1"]
[WhiteElo "1867"]
[BlackElo "2134"]
[PlyCount "126"]
[EventDate "2003.09.28"]
[EventType "team"]
[EventRounds "11"]
[EventCountry "HUN"]
[SourceTitle "EXT 2009"]
[Source "ChessBase"]
[SourceDate "2008.11.26"]
[SourceVersion "1"]
[SourceVersionDate "2008.11.26"]
[SourceQuality "1"]
[WhiteTeam "Arboretum"]
[BlackTeam "Lenti"]
[WhiteTeamCountry "HUN"]
[BlackTeamCountry "HUN"]

1. e4 e6 2. d4 d5 3. Nc3 dxe4 4. Nxe4 Bd7 5. Be3 Bc6 6. Bd3 Nf6 7. Nxf6+ Qxf6 8. Qg4 h6 9. f4 Nd7 10. Nf3 Bxf3 11. Qxf3 c6 12. f5 Nb6 13. 0-0 Be7 14. c4 exf5 15. a4 g6 16. Qf2 Nd7 17. Rfe1 Kf8 18. Bd2 c5 19. Bc3 cxd4 20. Bxd4 Qxd4 21. Qxd4 Bc5 22. Qxc5+ Nxc5 23. Bc2 Rd8 24. b4 Ne6 25. Rad1 Rxd1 26. Rxd1 Ke7 27. a5 Rd8 28. Ra1 Rd2 29. Ba4 Rb2 30. Rd1 Rxb4 31. Bb5 Nf8 32. a6 bxa6 33. Bxa6 Rb6 34. Ra1 Rc6 35. Bb5 Rc7 36. Rd1 Ne6 37. Kf2 Nc5 38. Re1+ Kf6 39. Ra1 Ke5 40. Kf3 Kf6 41. Rd1 Ke5 42. Ra1 a6 43. Bxa6 Nxa6 44. Rxa6 Rxc4 45. Ra3 Kf6 46. Rb3 g5 47. h3 Kg6 48. Kg3 h5 49. Rf3 h4+ 50. Kh2 g4 51. Rf1 f6 52. Ra1 Kg5 53. Rf1 Rc3 54. Rd1 gxh3 55. gxh3 Rg3 56. Rd4 f4 57. Rd5+ f5 58. Rd8 f3 59. Rd1 Rg2+ 60. Kh1 Rc2 61. Rf1 Kf4 62. Ra1 Kg3 63. Rf1 Rh2+ 0-1

[Event "HUN-chT2 Szechenyi 0304"]
[Site "Hungary"]
[Date "2003.09.28"]
[Round "1"]
[White "Vegh, Istvan"]
[Black "Decsey, Katalin"]
[Result "1/2-1/2"]
[WhiteElo "1949"]
[BlackElo "2134"]
[PlyCount "95"]
[EventDate "2003.09.28"]
[EventType "team"]
[EventRounds "11"]
[EventCountry "HUN"]
[SourceTitle "EXT 2009"]
[Source "ChessBase"]
[SourceDate "2008.11.26"]
[SourceVersion "1"]
[SourceVersionDate "2008.11.26"]
[SourceQuality "1"]
[WhiteTeam "Szentgotthard"]
[BlackTeam "Lenti"]
[WhiteTeamCountry "HUN"]
[BlackTeamCountry "HUN"]

1. d4 Nf6 2. Nf3 g6 3. c4 Bg7 4. Bg5 d6 5. e3 0-0 6. Bd3 c5 7. Nc3 cxd4 8. exd4 Nc6 9. a3 Bg4 10. Be2 h6 11. Bf4 Rc8 12. Rc1 Na5 13. Na2 Bxf3 14. gxf3 Qb6 15. b4 Nc6 16. Be3 d5 17. c5 Qc7 18. Qd2 Kh7 19. Nc3 Qd7 20. h4 h5 21. Bd3 e5 22. dxe5 Nxe5 23. Be2 Qf5 24. Bf4 Rfe8 25. Kf1 d4 26. Nb5 d3 27. Bd1 Bf8 28. Nxa7 Rcd8 29. c6 Nxc6 30. Nxc6 bxc6 31. Rxc6 Nd5 32. Be3 Nxe3+ 33. fxe3 Bh6 34. Rc5 Qe6 35. f4 Qxe3 36. Qxe3 Rxe3 37. f5 d2 38. fxg6+ fxg6 39. Rc7+ Kh8 40. Kg2 Rxa3 41. Rf1 Rg8 42. b5 Ra1 43. Rh1 Rc1 44. Re7 Rb8 45. Rf1 Rxb5 46. Re8+ Kg7 47. Re7+ Kg8 48. Re8+ 1/2-1/2

[Event "HUN-chT2 Charousek 0203"]
[Site "Hungary"]
[Date "2003.04.06"]
[Round "10.10"]
[White "Decsey, Katalin"]
[Black "Juhasz, Mark"]
[Result "1-0"]
[WhiteElo "2124"]
[BlackElo "2179"]
[PlyCount "77"]
[EventDate "2002.09.22"]
[EventType "team"]
[EventRounds "11"]
[EventCountry "HUN"]
[SourceTitle "EXT 2004"]
[Source "ChessBase"]
[SourceDate "2003.11.25"]
[SourceVersion "1"]
[SourceVersionDate "2003.11.25"]
[SourceQuality "1"]
[WhiteTeam "Lenti"]
[BlackTeam "Taban Spartacus"]
[WhiteTeamCountry "HUN"]
[BlackTeamCountry "HUN"]

1. d4 Nf6 2. c4 c5 3. d5 b5 4. cxb5 a6 5. b6 Qxb6 6. Nc3 d6 7. e4 g6 8. Nf3 Bg4 9. h3 Bxf3 10. Qxf3 Bg7 11. Be2 Nbd7 12. Qd3 0-0 13. 0-0 Rfb8 14. Rb1 Ne8 15. Bd2 Qd8 16. Na4 a5 17. Qc2 Rb7 18. Bc3 Bxc3 19. bxc3 Rab8 20. Ba6 Rxb1 21. Rxb1 Kg7 22. Kf1 Rxb1+ 23. Qxb1 Qc7 24. Be2 Nef6 25. f3 Nh5 26. Kf2 Nf4 27. Bf1 e5 28. g3 Nh5 29. Qb5 Qa7 30. Kg2 c4 31. Qxc4 Nb6 32. Nxb6 Qxb6 33. Qe2 f5 34. exf5 Nf6 35. fxg6 Nxd5 36. gxh7 Ne3+ 37. Kh1 Nf5 38. Qc4 Kxh7 39. Qf7+ 1-0

[Event "HUN-chT2 Charousek 0203"]
[Site "Hungary"]
[Date "2003.01.19"]
[Round "5.10"]
[White "Kele, Janos"]
[Black "Decsey, Katalin"]
[Result "0-1"]
[WhiteElo "2150"]
[BlackElo "2124"]
[PlyCount "120"]
[EventDate "2002.09.22"]
[EventType "team"]
[EventRounds "11"]
[EventCountry "HUN"]
[SourceTitle "EXT 2004"]
[Source "ChessBase"]
[SourceDate "2003.11.25"]
[SourceVersion "1"]
[SourceVersionDate "2003.11.25"]
[SourceQuality "1"]
[WhiteTeam "Szenna Pack"]
[BlackTeam "Lenti"]
[WhiteTeamCountry "HUN"]
[BlackTeamCountry "HUN"]

1. e4 e6 2. d4 d5 3. Nc3 dxe4 4. Nxe4 Bd7 5. Nf3 Bc6 6. Bd3 Nd7 7. 0-0 Ngf6 8. Ng3 Bxf3 9. Qxf3 c6 10. Re1 Be7 11. Bd2 0-0 12. c4 Re8 13. b4 Qb6 14. c5 Qc7 15. b5 Qc8 16. a4 Nf8 17. Ne4 Nxe4 18. Bxe4 f5 19. Bc2 Bf6 20. Bc3 Qd7 21. Bb3 Kh8 22. Qd3 Rad8 23. Rad1 Ng6 24. Qe3 Nf8 25. Bc4 Qc7 26. g3 Re7 27. a5 cxb5 28. Bxb5 a6 29. Ba4 Qc8 30. Rb1 Nd7 31. Qf3 Nb8 32. Red1 Rc7 33. Rb6 Nd7 34. Rd6 Nb8 35. Rxd8+ Qxd8 36. Qe3 Qc8 37. d5 Bxc3 38. Qxc3 Rxc5 39. Qe3 Rxd5 40. Rc1 Nc6 41. Bb3 Rd6 42. Qc5 Qd7 43. Kg2 h6 44. Ba4 Qd8 45. Bb3 Nxa5 46. Bxe6 Rxe6 47. Qxf5 Rc6 48. Re1 Rf6 49. Qh5 Rf8 50. Re6 Qg5 51. Qd1 Qf5 52. Qe1 Qf3+ 53. Kg1 Nc6 54. Qd2 Rd8 55. Rxh6+ gxh6 56. Qxh6+ Kg8 57. Qg6+ Kf8 58. Qh6+ Ke8 59. Qg6+ Kd7 60. h4 Kc8 0-1

[Event "HUN-chT2 Charousek 0203"]
[Site "Hungary"]
[Date "2002.12.08"]
[Round "4.10"]
[White "Decsey, Katalin"]
[Black "Ritter, Gabor"]
[Result "0-1"]
[WhiteElo "2124"]
[BlackElo "2159"]
[PlyCount "80"]
[EventDate "2002.09.22"]
[EventType "team"]
[EventRounds "11"]
[EventCountry "HUN"]
[SourceTitle "EXT 2004"]
[Source "ChessBase"]
[SourceDate "2003.11.25"]
[SourceVersion "1"]
[SourceVersionDate "2003.11.25"]
[SourceQuality "1"]
[WhiteTeam "Lenti"]
[BlackTeam "Vizugy"]
[WhiteTeamCountry "HUN"]
[BlackTeamCountry "HUN"]

1. d4 f5 2. c4 Nf6 3. Nc3 g6 4. Nf3 Bg7 5. g3 0-0 6. Bg2 d6 7. 0-0 Qe8 8. d5 a5 9. Re1 Na6 10. Nd4 h6 11. e4 fxe4 12. Nxe4 Nxe4 13. Rxe4 Nc5 14. Rf4 Bd7 15. Rb1 a4 16. Be3 Rxf4 17. Bxf4 g5 18. Be3 Qg6 19. Ne6 Nxe6 20. dxe6 Bc6 21. Bd5 Bxd5 22. cxd5 c5 23. b3 a3 24. Rc1 b5 25. Qe2 Rb8 26. Rd1 Qf5 27. Bc1 b4 28. Be3 Rf8 29. Qc4 Qf3 30. Rd2 Bc3 31. Re2 Qf5 32. Bd2 Bd4 33. Be1 Kg7 34. Kg2 Qf3+ 35. Kg1 h5 36. Rd2 Qf6 37. Qe2 Kh6 38. Kg2 Qf5 39. Rd3 Qxd5+ 40. Kg1 Rf6 0-1

[Event "HUN-ch U20 Girls"]
[Site "Budapest"]
[Date "2001.??.??"]
[Round "11"]
[White "Decsey, Katalin"]
[Black "Szoboszlai, Zita"]
[Result "1-0"]
[WhiteElo "2098"]
[BlackElo "2117"]
[PlyCount "57"]
[EventDate "2001.??.??"]
[EventType "tourn"]
[EventRounds "10"]
[EventCountry "HUN"]
[SourceTitle "EXT 2002"]
[Source "ChessBase"]
[SourceDate "2001.11.25"]
[SourceVersion "1"]
[SourceVersionDate "2001.11.25"]
[SourceQuality "1"]

1. d4 d6 2. c4 e5 3. d5 f5 4. Nc3 Nf6 5. Bg5 Be7 6. Bxf6 Bxf6 7. e4 0-0 8. Bd3 g6 9. Qc2 Bg7 10. Nge2 a5 11. 0-0 Na6 12. a3 Bd7 13. Kh1 Qe8 14. f3 a4 15. Nb5 fxe4 16. fxe4 Bxb5 17. cxb5 Nc5 18. Nc3 Bh6 19. Qe2 c6 20. dxc6 bxc6 21. Bc4+ Kg7 22. bxc6 Rb8 23. Rxf8 Kxf8 24. Rf1+ Kg7 25. Rf7+ Kh8 26. Bd5 Ne6 27. Qf2 Bf4 28. Bxe6 Qxe6 29. Qa7 1-0

[Event "HUN-ch U20 Girls"]
[Site "Budapest"]
[Date "2001.??.??"]
[Round "5"]
[White "Simon, Zsuzsanna"]
[Black "Decsey, Katalin"]
[Result "1-0"]
[WhiteElo "2065"]
[BlackElo "2098"]
[PlyCount "135"]
[EventDate "2001.??.??"]
[EventType "tourn"]
[EventRounds "10"]
[EventCountry "HUN"]
[SourceTitle "EXT 2002"]
[Source "ChessBase"]
[SourceDate "2001.11.25"]
[SourceVersion "1"]
[SourceVersionDate "2001.11.25"]
[SourceQuality "1"]

1. d4 Nf6 2. Nc3 d6 3. e4 g6 4. f3 Bg7 5. Be3 0-0 6. Qd2 a6 7. Bh6 e5 8. Bxg7 Kxg7 9. Nge2 Nc6 10. d5 Ne7 11. 0-0-0 Ne8 12. g4 c5 13. h4 h6 14. Ng3 b5 15. Bh3 b4 16. Nce2 a5 17. f4 Ba6 18. f5 Nc8 19. fxg6 fxg6 20. g5 h5 21. Rdf1 Ra7 22. Be6 Re7 23. Rxf8 Kxf8 24. Rf1+ Kg7 25. Qe3 Nc7 26. Qf3 Nxe6 27. Qf6+ Kh7 28. dxe6 Qe8 29. Kd2 Bxe2 30. Nxe2 Rxe6 31. Qf7+ Qxf7 32. Rxf7+ Kg8 33. Rb7 Kf8 34. Kd3 Re7 35. Rb8 Rc7 36. Kc4 Ke7 37. Kd5 Kd7 38. b3 Ne7+ 39. Kc4 Rc8 40. Rb7+ Rc7 41. Rb5 Ke6 42. Rxa5 Nc6 43. Ra6 Nd4 44. Nxd4+ exd4 45. Ra8 Rg7 46. Re8+ Kf7 47. Rb8 Ke6 48. Ra8 Ke5 49. Re8+ Kf4 50. Kd5 Kg4 51. Kxd6 Kxh4 52. e5 Kxg5 53. e6 h4 54. Rh8 Kg4 55. e7 Rxe7 56. Kxe7 g5 57. Kf6 Kf4 58. Rh5 Ke3 59. Rxg5 h3 60. Rg3+ Kd2 61. Rxh3 Kxc2 62. Ke5 d3 63. Rxd3 Kxd3 64. Kd5 c4 65. bxc4 Kc3 66. c5 Kb2 67. Kc4 Ka3 68. c6 1-0

[Event "HUN-ch U20 Girls"]
[Site "Budapest"]
[Date "2001.??.??"]
[Round "10"]
[White "Toth, Lili"]
[Black "Decsey, Katalin"]
[Result "1/2-1/2"]
[WhiteElo "2158"]
[BlackElo "2098"]
[PlyCount "35"]
[EventDate "2001.??.??"]
[EventType "tourn"]
[EventRounds "10"]
[EventCountry "HUN"]
[SourceTitle "EXT 2002"]
[Source "ChessBase"]
[SourceDate "2001.11.25"]
[SourceVersion "1"]
[SourceVersionDate "2001.11.25"]
[SourceQuality "1"]

1. d4 Nf6 2. Nc3 d5 3. Bg5 e6 4. e4 dxe4 5. Nxe4 Be7 6. Bxf6 Bxf6 7. c3 Bd7 8. Bd3 Bc6 9. f4 0-0 10. Nf3 Nd7 11. 0-0 g6 12. Ne5 Bxe4 13. Bxe4 c6 14. Qf3 Nxe5 15. fxe5 Bg7 16. b4 Qb6 17. Kh1 a5 18. a3 1/2-1/2

[Event "HUN-ch (Women)"]
[Site "Lillafured"]
[Date "1999.02.04"]
[Round "4"]
[White "Decsey, Katalin"]
[Black "Medvegy, Nora"]
[Result "1/2-1/2"]
[WhiteElo "2096"]
[BlackElo "2294"]
[PlyCount "89"]
[EventDate "1999.02.01"]
[EventType "tourn"]
[EventRounds "9"]
[EventCountry "HUN"]
[SourceTitle "CBM 068 Extra"]
[Source "ChessBase"]
[SourceDate "1999.03.01"]
[SourceVersion "1"]
[SourceVersionDate "1999.03.01"]
[SourceQuality "1"]

1. d4 Nf6 2. c4 e6 3. Nf3 b6 4. g3 Ba6 5. b3 Bb7 6. Bg2 Bb4+ 7. Bd2 a5 8. 0-0 0-0 9. Qc2 d6 10. Rd1 Nbd7 11. Ne1 Bxg2 12. Nxg2 Qb8 13. a3 Bxd2 14. Nxd2 Qb7 15. e4 c5 16. d5 exd5 17. exd5 a4 18. bxa4 Qa6 19. Ne3 g6 20. Rdb1 Rfe8 21. Nd1 Ne5 22. Nb2 Qc8 23. Kg2 Qg4 24. Re1 Nh5 25. Qe4 Qd7 26. Qc2 Re7 27. h3 Rae8 28. Re3 f5 29. Rae1 f4 30. Re4 Rf8 31. Nd3 fxg3 32. fxg3 Ref7 33. R1e2 Nxd3 34. Qxd3 Qd8 35. R4e3 Nf6 36. Qb3 Nd7 37. Qd3 Qa8 38. Nf3 Rf5 39. Qc3 Qa5 40. Qxa5 bxa5 41. Rb2 h5 42. Nh4 R5f6 43. Nf3 Rf5 44. Nh4 R5f6 45. Nf3 1/2-1/2

[Event "HUN-ch U18 Girls"]
[Site "Paks"]
[Date "1998.??.??"]
[Round "5"]
[White "Decsey, Katalin"]
[Black "Lutring, Aniko"]
[Result "1-0"]
[WhiteElo "2190"]
[BlackElo "2015"]
[PlyCount "127"]
[EventDate "1998.??.??"]
[EventType "tourn"]
[EventRounds "9"]
[EventCountry "HUN"]
[SourceTitle "EXT 2000"]
[Source "ChessBase"]
[SourceDate "1999.11.16"]
[SourceVersion "1"]
[SourceVersionDate "1999.11.16"]
[SourceQuality "1"]

1. d4 Nc6 2. c4 e5 3. d5 Bb4+ 4. Bd2 Bxd2+ 5. Qxd2 Nd4 6. e3 Nf5 7. Nf3 d6 8. Nc3 Nf6 9. Bd3 0-0 10. Qc2 Ne7 11. 0-0-0 a6 12. Nh4 Bd7 13. f4 Ng6 14. Nxg6 hxg6 15. h3 b5 16. g4 bxc4 17. Bxc4 exf4 18. exf4 Qc8 19. Rhe1 Re8 20. Qf2 Qb7 21. Rxe8+ Rxe8 22. Re1 Rxe1+ 23. Qxe1 Kf8 24. Qe3 a5 25. a3 c6 26. Qd4 c5 27. Qd2 Ke7 28. Qe1+ Kf8 29. Ne4 Nxe4 30. Qxe4 Bc8 31. Qe1 Qc7 32. Kc2 Qb6 33. Qh4 Kg8 34. Qe7 Ba6 35. b3 Qb7 36. Qxd6 Bxc4 37. bxc4 Qc8 38. Qb6 Qe8 39. Qxc5 Qe4+ 40. Kb3 Qxf4 41. Qxa5 Qf3+ 42. Qc3 Qd1+ 43. Kb4 Qb1+ 44. Kc5 Qb7 45. d6 Qa7+ 46. Kd5 Qa8+ 47. Kd4 Qa7+ 48. c5 Qa4+ 49. Kd5 Qd1+ 50. Kc6 Qa4+ 51. Kb6 Qd7 52. Qe5 Qd8+ 53. Kb5 Qb8+ 54. Kc4 Qb1 55. d7 Qc2+ 56. Kd5 Qd3+ 57. Kc6 Qa6+ 58. Kc7 Qa7+ 59. Kd6 Qb8+ 60. Kd5 Qb3+ 61. Kc6 Qa4+ 62. Kd6 Qa6+ 63. Ke7 Qa7 64. Qb8+ 1-0

[Event "Tapolca (Women)"]
[Site "Budapest"]
[Date "1998.??.??"]
[Round "?"]
[White "Decsey, Katalin"]
[Black "Szabo, Virag"]
[Result "1/2-1/2"]
[WhiteElo "2190"]
[BlackElo "2030"]
[PlyCount "60"]
[EventDate "1998.??.??"]
[EventType "tourn"]
[EventRounds "11"]
[EventCountry "HUN"]
[SourceTitle "EXT 2002"]
[Source "ChessBase"]
[SourceDate "2001.11.25"]
[SourceVersion "1"]
[SourceVersionDate "2001.11.25"]
[SourceQuality "1"]

1. e4 e6 2. d4 d5 3. Nc3 dxe4 4. Nxe4 Bd7 5. Nf3 Bc6 6. Ned2 Nd7 7. Bd3 Ngf6 8. 0-0 Be7 9. c3 0-0 10. Nc4 Bb5 11. h3 c5 12. Nce5 Nxe5 13. Nxe5 Bxd3 14. Qxd3 cxd4 15. cxd4 Rc8 16. Bg5 Nd5 17. Bxe7 Qxe7 18. Rac1 Qg5 19. Rcd1 Rfd8 20. Qf3 Qf4 21. Qb3 b6 22. Nf3 Qd6 23. Rfe1 Qb4 24. Qxb4 Nxb4 25. a3 Nd5 26. Rc1 Kf8 27. g3 Ne7 28. Rc3 Nd5 29. Rcc1 Ne7 30. Rc3 Nd5 1/2-1/2

[Event "HUN-ch U18 Girls"]
[Site "Paks"]
[Date "1998.??.??"]
[Round "6"]
[White "Rapcsak, Andrea"]
[Black "Decsey, Katalin"]
[Result "1/2-1/2"]
[WhiteElo "2060"]
[BlackElo "2190"]
[PlyCount "39"]
[EventDate "1998.??.??"]
[EventType "tourn"]
[EventRounds "9"]
[EventCountry "HUN"]
[SourceTitle "EXT 2000"]
[Source "ChessBase"]
[SourceDate "1999.11.16"]
[SourceVersion "1"]
[SourceVersionDate "1999.11.16"]
[SourceQuality "1"]

1. d4 Nf6 2. Bg5 e6 3. e4 Be7 4. Bd3 h6 5. Bxf6 Bxf6 6. e5 Be7 7. f4 d5 8. Ne2 b6 9. 0-0 Ba6 10. f5 Bxd3 11. Qxd3 exf5 12. Qxf5 0-0 13. Nf4 Bg5 14. Nc3 c6 15. Nce2 Na6 16. g3 Qc8 17. Qd3 Nc7 18. h4 Bxf4 19. Nxf4 Qg4 20. Qf3 1/2-1/2